Statistics for Comic Book Movie Actors

Click here to take the quiz!

General Stats

  • This quiz has been taken 10,699 times
  • The average score is 21 of 30

Answer Stats

ActorCharacter% Correct
Christian BaleBatman
99%
Hugh JackmanWolverine
98%
Robert Downey, Jr.Iron Man
97%
Tobey MacGuireSpider-Man
97%
Heath LedgerJoker
94%
Chris HemsworthThor
93%
Mark RuffaloHulk
91%
Chris EvansCaptain America
90%
Henry CavillSuperman
88%
Ben AffleckDaredevil or Batman
84%
Patrick StewartProfessor X
82%
Ian McKellanMagneto
78%
Tom HiddlestonLoki
76%
Samuel L. JacksonNick Fury
71%
Willem DafoeGreen Goblin
69%
Chris PrattStar Lord
66%
Jennifer LawrenceMystique
65%
Tom HardyBane
64%
Nicolas CageGhost Rider
63%
Vin DieselGroot
62%
Chris EvansHuman Torch
61%
Jennifer GarnerElektra
54%
Aaron EckhartTwo-Face
54%
Bradley CooperRocket Raccoon
50%
Sebastian StanWinter Soldier
48%
Alfred MolinaDoctor Octopus
44%
Cillian MurphyScarecrow
44%
Anthony HopkinsOdin
43%
Liam NeesonRa's al-Ghul
41%
Michael ShannonGeneral Zod
25%

Score Distribution

Percentile by Number Answered

Percent of People with Each Score

Your Score History

You have not taken this quiz